| 000 | 00000nam##2200000za#4500 |
| 001 | 9.640024 |
| 003 | CaOODSP |
| 005 | 20210624222452 |
| 007 | cr ||||||||||| |
| 008 | 150407|2001||||xxc|||||o f|0| 0 fre|d |
| 040 | |aCaOODSP|bfre |
| 043 | |an-cn--- |
| 086 | 1 |aSC94-82/2001F-PDF |
| 110 | 1 |aCanada.|bCentre canadien de gestion. |
| 245 | 13|aLe périple de l'apprentissage : |h[ressource électronique]|ble cap sur l'excellence / |cpar Peter Stoyko. |
| 246 | 3 |aTable ronde de CCG sur lórginisation apprenante |
| 260 | |bCentre canadien de gestion |c[2001]. |
| 300 | |a67p.|bfigures, références |
| 500 | |aLe n° de catalogue (SC94-82/2001) et l'ISBN (0-662-65654-7) de l'édition imprimée bilingue ont été incorrectement copiés dans l'édition électronique. |
| 520 | 3 |aCe guide offre des conseils pratiques aux gestionnaires qui désirent promouvoir « l'apprentissage organisationnel ». Le guide définit l'apprentissage organisationnel et explique comment commencer à mettre en Ĺ“uvre un tel apprentissage dans une organisation, comment provoquer un changement immédiat et comment maintenir l'élan en dépit des revers. On applique ces leçons à une étude de cas fictif. Le guide comprend également une liste de ressources supplémentaires, en format imprimé et en direct. Ce rapport a été publié par le Centre canadien de gestion en 2002. |
| 590 | |a12-16-Supp|b2012-04-17 |
| 691 | 07|aAdministration publique|2gcpds |
| 691 | 07|aApprentissage|2gcpds |
| 691 | 07|aFonction publique|2gcpds |
| 720 | 1 |aStoyko, Peter |
| 775 | 08|tThe learning journey : |w(CaOODSP)9.695904 |
| 776 | 0#|tThe learning journey : |w(CaOODSP)9.662687 |
| 776 | 0#|tLe périple de l'apprentissage : |w(CaOODSP)9.662688 |
| 856 | 40|ahttp://publications.gc.ca|qPDF|s903 Ko|uhttps://publications.gc.ca/collections/Collection/SC94-82-2001F.pdf |